| 000 | 00524nam a2200193 a 4500 | ||
|---|---|---|---|
| 001 | 000016534 | ||
| 005 | 20200929164927.0 | ||
| 008 | 100308s2004 dr a 000 0 spa d | ||
| 020 | _z9993433977 | ||
| 040 |
_aDO-SdBNP _bspa _cBNPHU |
||
| 082 |
_axxx _bV854c |
||
| 100 | 1 |
_aViulet, Carmen _936779 |
|
| 245 | 1 | 3 |
_aEl colesterol / _cCarmen Viulet. |
| 260 |
_aSanto Domingo : _bGrupo Editorial Fenix, _c2004. |
||
| 300 |
_a55 p. : _bil. ; _c22 cm. |
||
| 490 | 1 | _aSalud y vida | |
| 830 | 0 |
_aSalud y vida _922156 |
|
| 049 | _aBNPD | ||
| 999 |
_c16068 _d16068 |
||